000 00730nam0a22002411 4500
001 rc\2800231
005 20230601191734.0
035 _a(NLR Aleph) 006926253
090 _a7499985
_c7499985
100 _a20110915d1936 |||y0rusy50 ca
101 0 _arus
102 _aRU
105 _ay z |||||
200 1 _aКак надо топить паровоз углем
_fН. В. Будалов
210 _a[Москва]
_cизд. и 1 тип. Транжелдориздата
_d1936
215 _aОбл., 22, [2] с., без тит. л.
_d16х12 см.
700 1 _aБудалов
_bН. В.
801 0 _aRU
_bNLR
_gpsbo
801 1 _aRU
_bELAR
_2rusmarc
852 _aNLR
_j36-9/2094
942 _cBOOK
980 _aNB